Высшая математика. Дифференциальное и интегральное исчисление функции одной переменной: учебное пособие

Bibliographic Details
Main Author: Ефремова О. Н. Оксана Николаевна
Other Authors: Столярова Г. П. Галина Петровна, Нагорнова А. И. Александра Ивановна
Summary:В фонде НТБ ТПУ отсутствует
Language:Russian
Published: Томск, Изд-во ТПУ, 2008
Subjects:
Format: Book
KOHA link:https://koha.lib.tpu.ru/cgi-bin/koha/opac-detail.pl?biblionumber=601016

MARC

LEADER 00000nam0a2200000 4500
001 601016
005 20250609160422.0
035 |a (RuTPU)RU\TPU\tpu\25674 
035 |a RU\TPU\tpu\25646 
090 |a 601016 
100 |a 20140913d2008 k y0rusy50 ca 
101 0 |a rus 
102 |a RU 
200 1 |a Высшая математика. Дифференциальное и интегральное исчисление функции одной переменной  |e учебное пособие  |f О. Н. Ефремова, Г. П. Столярова, А. И. Нагорнова 
210 |a Томск  |c Изд-во ТПУ  |d 2008 
215 |a 230 с. 
333 |a В фонде НТБ ТПУ отсутствует 
610 1 |a труды учёных ТПУ 
700 1 |a Ефремова  |b О. Н.  |c математик  |c доцент Томского политехнического университета, кандидат наук  |f 1965-  |g Оксана Николаевна  |3 (RuTPU)RU\TPU\pers\26750  |9 12393 
701 1 |a Столярова  |b Г. П.  |c математик  |c доцент Томского политехнического университета  |f 1938-  |g Галина Петровна  |3 (RuTPU)RU\TPU\pers\26751 
701 1 |a Нагорнова  |b А. И.  |c математик  |c старший преподаватель Томского политехнического университета  |g Александра Ивановна  |3 (RuTPU)RU\TPU\pers\26752 
801 1 |a RU  |b 63413507  |c 20120913 
801 2 |a RU  |b 63413507  |c 20140913  |g RCR 
850 |a 63413507 
942 |c BK